Analýza naladenia automobilových náprav: Priečna dynamika

Na minha lista:
Detalhes bibliográficos
Autor principal: Kraus, Pavel, 1990- (Author)
Outros Autores: Harakaľová, Jana, 1957- (Thesis advisor)
Formato: Manuscrito Livro
Idioma:eslovaco
Publicado em: Bratislava : STU v Bratislave SjF, 2012
Assuntos:
Acesso em linha:VAIS
Tags: Adicionar Tag
Sem tags, seja o primeiro a adicionar uma tag!

MARC

LEADER 00000ntm a22000003a 4500
001 stu264514
005 20150617230219.4
008 130319s2012----xo------------------slo-d
040 |a STU  |b slo 
041 0 |a slo 
044 |a xo 
100 1 |a Kraus, Pavel,  |d 1990-  |4 aut  |u J  |T SjF Strojnícka fakulta  |X 68405  |U J  |Y 20  |7 A000068405 
242 0 0 |a The analysis of tuning automobile suspension: Lateral dynamics  |y eng 
245 1 |a Analýza naladenia automobilových náprav: Priečna dynamika 
260 |a Bratislava :  |b STU v Bratislave SjF,  |c 2012 
650 7 |a aplikovaná mechanika a mechatronika  |2 stusub 
650 7 |a Applied Mechanics and Mechatronics  |2 estusub 
700 1 |a Harakaľová, Jana,  |d 1957-  |4 ths  |u J0010  |U SjF Strojnícka fakulta  |T SjF Ústav aplikovanej mechaniky a mechatroniky  |X 2350  |U J0010  |Y 801  |7 A000002350 
856 4 |a info a plný text  |u http://is.stuba.sk/zp/portal_zp.pl?podrobnosti=73806  |3 VAIS